| 000 | 00884nam a2200265Ia 4500 | ||
|---|---|---|---|
| 001 | 20454 | ||
| 003 | GE_BSU | ||
| 008 | 181216s||||||||xx |||||||||||||| ||und|| | ||
| 020 | _a550500562 | ||
| 040 | _cGE_BSU | ||
| 080 | _a81'25 | ||
| 100 | _aფანჯიკიძე, დ. (დალი) | ||
| 245 | _aთარგმანის თეორია და პრაქტიკა. | ||
| 245 | _cრედ. ნ. ხუციშვილი | ||
| 260 | _aთბილისი | ||
| 260 | _bგანათლება | ||
| 260 | _c1988 | ||
| 300 | _a230 გვ. ; 21 სმ.. | ||
| 300 | _eბიბლიოგრ.: გვ. 228-229 | ||
| 541 | _h7ლ.70თ. | ||
| 653 | _aენათმეცნიერება | ||
| 653 | _aთარგმანის თეორია და პრაქტიკა. | ||
| 653 | _aქსეროქსი | ||
| 942 | _cBK | ||
| 999 |
_c53411 _d53411 |
||